00710 a2200181 45000010006000000050017000060080041000230030015000640400040000790800056001192450027001752500011002022640029002133000019002425050222002611000018004837000027005012521220260407155535.0260407a1953 arg spa dAR-UNSa-BCEJYS aAR-UNSa-BCEJYSbspacAR-UNSa-BCEJYS a519.2xProbabilidades y estadística matemática 10aCurso de estadística a2a. ed 1aBarcelona :bLaborc1953 a554 p.c23 cm. a1. Premisas generales - 2. Recopilación de datos - 3. Representación de los datos - 4. Medición de fenómenos estadísticos - 5. Integración y valoración de los datos - 6. La lógica de la estadística. 1 aGini, Corrado1 aStecher Navarra, Jorge